00688nam a2200217Ia 4500003000400000005001700004008004100021020001800062040001800080041000800098082002200106100001600128245007200144250005100216260005200267300003300319650002400352650004400376650002700420700002300447OSt20220211122104.0210716s2019 xx 000 0 und d a9789350517697 cAIMIT LIBRARY aeng a519.5 27thbGUPS aGupta, S C. aFundamentals of statistics /cBy S C Gupta ; edited by Indra Gupta. a7th ed.bSeventh revised and enlarged edition aNew Delhi :bHimalaya Publishing House ,c2019. axxvi,27.31,I-7p. ;c24.5 cm. aCollection of data  aDiagrammatic and graphic representation aMeasures of dispersion aGupta, Indra ; ed.